[Event "29th Rilton Cup"]
[Site "Stockholm SWE"]
[Date "2000.01.05"]
[Round "9.13"]
[White "Brustman, Agnieszka"]
[Black "Hillarp Persson, Tiger"]
[Result "0-1"]
[WhiteElo "2383"]
[BlackElo "2507"]
[EventDate "1999.12.27"]
[PlyCount "75"]

1.e4 c5 2.Nf3 d6 3.d4 cxd4 4.Nxd4 Nf6 5.Nc3 a6 6.Bg5 e6 7.f4 Qc7 8.Qf3 
Nbd7 9.Bd3 b5 10.O-O-O Bb7 11.Bxf6 Nxf6 12.g4 b4 13.Nce2 d5 14.Ng3 Bc5 15.
Nb3 Be7 16.Nh5 dxe4 17.Nxf6+ Bxf6 18.Bxe4 Bxb2+ 19.Kxb2 Qc3+ 20.Qxc3 bxc3+
21.Kxc3 Bxe4 22.Rhe1 Bf3 23.Rd3 Bxg4 24.Rg3 Bf5 25.Nd4 g6 26.Nxf5 gxf5 27.
Rb1 Ke7 28.Rb7+ Kf6 29.Rh3 h5 30.Kd2 Rac8 31.Rc3 Rxc3 32.Kxc3 Rg8 33.Kd3 
h4 34.c4 Rg2 35.c5 Rxh2 36.c6 Rh1 37.Rb2 Rc1 38.Rb6 0-1

[Event "29th Rilton Cup"]
[Site "Stockholm SWE"]
[Date "2000.01.05"]
[Round "9.14"]
[White "Nyysti, Sampsa"]
[Black "Cramling, Pia"]
[Result "0-1"]
[WhiteElo "2152"]
[BlackElo "2504"]
[EventDate "1999.12.27"]
[PlyCount "82"]

1.e4 c5 2.Nf3 e6 3.d3 Nc6 4.g3 g6 5.Bg2 Bg7 6.O-O Nge7 7.c3 e5 8.a3 d6 9.
b4 O-O 10.Nbd2 a6 11.Nc4 b5 12.Ne3 h6 13.Nh4 Rb8 14.Rb1 Bd7 15.Qe1 f5 16.
f4 Rc8 17.bxc5 dxc5 18.Nd5 Be6 19.fxe5 Nxe5 20.Nxe7+ Qxe7 21.d4 cxd4 22.
cxd4 Nd3 23.Qe3 fxe4 24.Rxf8+ Qxf8 25.Qxe4 Qf2+ 26.Kh1 Qe1+ 27.Qxe1 Nxe1 
28.Be4 Ba2 29.Bd2 Bxb1 30.Bxb1 Bxd4 31.Nxg6 Re8 32.Nh4 Re2 33.Bb4 Rf2 34.
Bxe1 Rf1+ 35.Kg2 Rxe1 36.Ba2+ Kf8 37.Ng6+ Ke8 38.Bd5 Re3 39.Nh4 Rxa3 40.
Nf5 Be3 41.Bb7 Bc1 0-1

[Event "29th Rilton Cup"]
[Site "Stockholm SWE"]
[Date "2000.01.05"]
[Round "9.15"]
[White "Marttala, Thomas"]
[Black "Bellon Lopez, Juan Manuel"]
[Result "1-0"]
[WhiteElo "2240"]
[BlackElo "2463"]
[EventDate "1999.12.27"]
[PlyCount "79"]

1.e4 c5 2.Nf3 g6 3.c4 Bg7 4.d4 cxd4 5.Nxd4 Nc6 6.Be3 Nf6 7.Nc3 O-O 8.Be2 
b6 9.O-O Bb7 10.Ndb5 d6 11.f3 Ne8 12.Qd2 a6 13.Na3 Ne5 14.Rac1 Nd7 15.Rfd1
f5 16.exf5 gxf5 17.b4 a5 18.Na4 f4 19.Bf2 Rf5 20.c5 axb4 21.Qxb4 dxc5 22.
Nxc5 bxc5 23.Qxb7 Nd6 24.Qb3+ Kh8 25.Nc4 Qf8 26.Bf1 Rh5 27.Nxd6 exd6 28.
Qe6 Ne5 29.Qxd6 Qg8 30.Kh1 Rxa2 31.Qxc5 Bf8 32.Qd4 Bg7 33.Bg1 Nxf3 34.Qc4 
Nd2 35.Qxg8+ Kxg8 36.Bd3 Rd5 37.Bc4 Nxc4 38.Rxd5 Ne3 39.Rd7 Bf8 40.Rc8 1-0

[Event "29th Rilton Cup"]
[Site "Stockholm SWE"]
[Date "2000.01.05"]
[Round "9.16"]
[White "Karlsson, Tomas"]
[Black "Ernst, Thomas"]
[Result "1/2-1/2"]
[WhiteElo "2220"]
[BlackElo "2409"]
[EventDate "1999.12.27"]
[PlyCount "31"]

1.e4 e5 2.Nf3 Nc6 3.Bb5 a6 4.Ba4 Nf6 5.O-O Nxe4 6.d4 b5 7.Bb3 d5 8.dxe5 
Be6 9.c3 Bc5 10.Nbd2 O-O 11.Qe2 Bf5 12.Nxe4 dxe4 13.Ng5 Nxe5 14.Nxe4 Qd3 
15.Qxd3 Nxd3 16.Nxc5 1/2-1/2

[Event "29th Rilton Cup"]
[Site "Stockholm SWE"]
[Date "2000.01.05"]
[Round "9.17"]
[White "Westerinen, Heikki"]
[Black "Evertsson, Lennart"]
[Result "1-0"]
[WhiteElo "2382"]
[BlackElo "2154"]
[EventDate "1999.12.27"]
[PlyCount "113"]

1.e4 c5 2.Nf3 Nc6 3.Bb5 e6 4.O-O Be7 5.Re1 Qc7 6.c3 Ne5 7.d4 Ng6 8.d5 a6 
9.Bf1 Nf6 10.a4 b6 11.c4 Bd6 12.Nc3 Bb7 13.a5 bxa5 14.Qa4 Ng4 15.g3 O-O 
16.Qxa5 Qb8 17.Qa4 Qc8 18.Qd1 N4e5 19.Nd2 f5 20.f4 Ng4 21.e5 Bb8 22.Bg2 d6
23.h3 dxe5 24.hxg4 exf4 25.Rxe6 fxg3 26.Nf3 fxg4 27.Ng5 Be5 28.Qxg4 Bd4+ 
29.Kh1 Rf2 30.Qxg3 Qd7 31.Be3 Rxb2 32.Bxd4 cxd4 33.Nxh7 Rxg2 34.Nf6+ gxf6 
35.Kxg2 Qxe6 36.Qxg6+ Kf8 37.Ne4 Qg8 38.Qxg8+ Kxg8 39.Nxf6+ Kg7 40.Nd7 Rc8
41.Rb1 Rc7 42.Ne5 Kf6 43.Nd3 Kf5 44.Kf2 Rh7 45.Rf1 Bc8 46.Ke2+ Kg5 47.Rf4 
Rh2+ 48.Kd1 a5 49.Rxd4 a4 50.d6 Bd7 51.Rd5+ Kf6 52.Nc5 Bg4+ 53.Kc1 a3 54.
d7 Rh1+ 55.Kc2 Rh2+ 56.Kb3 Rh3+ 57.Ka2 1-0

[Event "29th Rilton Cup"]
[Site "Stockholm SWE"]
[Date "2000.01.05"]
[Round "9.18"]
[White "Bartel, Mateusz"]
[Black "Siegbahn, Patrick"]
[Result "1-0"]
[WhiteElo "2343"]
[BlackElo "2077"]
[EventDate "1999.12.27"]
[PlyCount "129"]

1.e4 c5 2.Nf3 Nc6 3.d4 cxd4 4.Nxd4 g6 5.c4 Nf6 6.Nc3 d6 7.f3 Nxd4 8.Qxd4 
Bg7 9.Be3 O-O 10.Qd2 Be6 11.Rc1 Qa5 12.Nd5 Qxd2+ 13.Kxd2 Bxd5 14.cxd5 Rfc8
15.Rxc8+ Rxc8 16.g3 b6 17.Bh3 Rc7 18.Rc1 Rxc1 19.Kxc1 Kf8 20.a4 Ke8 21.b4 
Nd7 22.Bf1 Bc3 23.Bd2 Bd4 24.Kc2 Kd8 25.Be2 Kc7 26.Kd3 Bg1 27.h3 Bf2 28.g4
Bh4 29.f4 h6 30.Kc2 f6 31.Bb5 g5 32.Be3 Bg3 33.fxg5 hxg5 34.a5 Be1 35.Bxd7
Kxd7 36.a6 Kc7 37.Kb3 Kb8 38.Kc4 Kc7 39.b5 Bg3 40.Kd3 Be1 41.Ke2 Bg3 42.
Kf3 Be1 43.Bg1 Bh4 44.Be3 Be1 45.Bd4 Kc8 46.Ke2 Bg3 47.Bc3 Bh4 48.Kf3 Kc7 
49.Bb4 Kd7 50.e5 fxe5 51.Bd2 Kc7 52.Ke4 Bf2 53.Bxg5 Kd7 54.Kf5 Ke8 55.h4 
Bd4 56.h5 e6+ 57.Kxe6 e4 58.Kxd6 e3 59.Kc7 e2 60.Bh4 Be3 61.d6 Bf4 62.Kb7 
Bd2 63.Kxa7 e1=Q 64.Bxe1 Bxe1 65.Kb7 1-0

[Event "29th Rilton Cup"]
[Site "Stockholm SWE"]
[Date "2000.01.05"]
[Round "9.19"]
[White "Hermansson, Emil"]
[Black "Celander, Jesper"]
[Result "1-0"]
[WhiteElo "2314"]
[BlackElo "2068"]
[EventDate "1999.12.27"]
[PlyCount "89"]

1.e4 Nc6 2.d4 e5 3.dxe5 Nxe5 4.Nf3 Ng6 5.h4 Bb4+ 6.c3 Bc5 7.h5 N6e7 8.Bc4 
d6 9.Qb3 f5 10.Bg5 fxe4 11.Ne5 Bxf2+ 12.Kxf2 d5 13.Bb5+ c6 14.Nxc6 bxc6 
15.Bxc6+ Bd7 16.Bxa8 Qxa8 17.Nd2 h6 18.Bf4 Qc6 19.Qb8+ Nc8 20.Nb3 Nf6 21.
Nd4 Qc4 22.Qb4 Ng4+ 23.Kg1 Qd3 24.Rh3 Qa6 25.Rf1 Rf8 26.Rg3 Rf6 27.Qb3 Nh2
28.Rf2 Ng4 29.Rf1 Nh2 30.Rf2 Ng4 31.Rxg4 Bxg4 32.Qxd5 Ne7 33.Qxe4 Bxh5 34.
Qe5 Bg4 35.Qb5+ Qxb5 36.Nxb5 a6 37.Nd6+ Kd7 38.Ne4 Rf5 39.Rd2+ Nd5 40.Bh2 
Kc6 41.Bg3 Bh5 42.c4 Ne3 43.Bf2 Ng4 44.Rd6+ Kb7 45.Bb6 1-0

[Event "29th Rilton Cup"]
[Site "Stockholm SWE"]
[Date "2000.01.05"]
[Round "9.20"]
[White "Hallberg, Fredrik"]
[Black "Botsari, Ana-Maria"]
[Result "0-1"]
[WhiteElo "2196"]
[BlackElo "2309"]
[EventDate "1999.12.27"]
[PlyCount "118"]

1.d4 d5 2.c4 Nc6 3.Nc3 Nf6 4.Nf3 dxc4 5.e4 Bg4 6.Be3 e6 7.Bxc4 Bb4 8.Qc2 
O-O 9.Rd1 Qe7 10.O-O Bxf3 11.gxf3 e5 12.d5 Nd4 13.Bxd4 exd4 14.Ne2 Bd6 15.
Ng3 Qe5 16.Kh1 c5 17.Rg1 g6 18.Rg2 Kh8 19.a4 Rae8 20.Qd2 Nh5 21.Bb5 Rd8 
22.Nxh5 Qxh5 23.Be2 f6 24.Re1 Qh4 25.Qa5 Qf4 26.Rd1 Rde8 27.Qxa7 Ra8 28.
Qxb7 Rxa4 29.Rg3 Qh6 30.Rg2 Rb4 31.Qd7 Be5 32.Qe7 Rxb2 33.Bd3 Rc8 34.d6 
Qf8 35.d7 Rd8 36.Qxf8+ Rxf8 37.Rc1 Rd8 38.Rxc5 Rxd7 39.Rc8+ Kg7 40.Rg1 
Rxf2 41.Rg2 Rxf3 42.Rd2 Bf4 43.Rd1 Rf2 44.Rc2 Rxc2 45.Bxc2 Rc7 46.Bd3 Rc3 
47.Kg2 Be5 48.h3 Ra3 49.Kf3 h5 50.Kf2 Kh6 51.Kg2 Kg5 52.Kf3 Kh4 53.Kg2 
Ra2+ 54.Kf3 Kxh3 55.Rh1+ Rh2 56.Bf1+ Kh4 57.Rg1 g5 58.Bg2 g4+ 59.Kf2 Kg5 
0-1

[Event "29th Rilton Cup"]
[Site "Stockholm SWE"]
[Date "2000.01.05"]
[Round "9.21"]
[White "Ohlzon, Nils-Johan"]
[Black "Gratka, Krzysztof"]
[Result "0-1"]
[WhiteElo "2114"]
[BlackElo "2373"]
[EventDate "1999.12.27"]
[PlyCount "54"]

1.e4 c5 2.Nf3 e6 3.d4 cxd4 4.Nxd4 a6 5.Bd3 Nf6 6.O-O d6 7.Nc3 Be7 8.Be3 
O-O 9.f4 b5 10.Qf3 Bb7 11.Qh3 Nbd7 12.e5 dxe5 13.Nxe6 fxe6 14.fxe5 Nxe5 
15.Rxf6 Bxf6 16.Bxh7+ Kf7 17.Qh5+ g6 18.Bxg6+ Nxg6 19.Qh7+ Bg7 20.Rf1+ Qf6
21.Rxf6+ Kxf6 22.Qh5 Rac8 23.Qg5+ Kf7 24.h4 Bf6 25.Qg3 Nxh4 26.Qd6 Rfd8 
27.Qb6 Rd7 0-1

[Event "29th Rilton Cup"]
[Site "Stockholm SWE"]
[Date "2000.01.05"]
[Round "9.22"]
[White "Wedberg, Tom"]
[Black "Loegdahl, Harald"]
[Result "1-0"]
[WhiteElo "2487"]
[BlackElo "2226"]
[EventDate "1999.12.27"]
[PlyCount "111"]

1.d4 f5 2.g3 Nf6 3.Bg2 g6 4.Nh3 e6 5.c3 d6 6.Qb3 c6 7.Nd2 e5 8.dxe5 dxe5 
9.e4 Na6 10.Ng5 Qe7 11.exf5 Nc5 12.Qc4 Bxf5 13.Nde4 Nfxe4 14.Nxe4 Nxe4 15.
Bxe4 Qc5 16.Qe2 Bxe4 17.Qxe4 Qd5 18.Qxd5 cxd5 19.f4 d4 20.cxd4 exd4 21.Ke2
h5 22.Kd3 Kf7 23.Bd2 Bd6 24.Rac1 Kf6 25.Rc4 Rad8 26.Re1 b5 27.Rc6 Kf5 28.
h3 Rd7 29.Bb4 Rhd8 30.Bxd6 Rxd6 31.Re5+ Kf6 32.Rxd6+ Rxd6 33.Rxb5 Re6 34.
Kxd4 Re2 35.g4 Rh2 36.Ke4 Rxh3 37.g5+ Kg7 38.Rb7+ Kg8 39.f5 Rg3 40.Rb8+ 
Kf7 41.Rb7+ Kf8 42.fxg6 Rxg5 43.Rxa7 Rxg6 44.Kd4 Rh6 45.Rc7 h4 46.Rc2 Ke7 
47.Ke4 h3 48.Rh2 Kd6 49.Kf4 Kc5 50.Kg4 Kd4 51.Rxh3 Ra6 52.a3 Kc4 53.Kf5 
Rb6 54.Rh4+ Kb3 55.Ke5 Rb8 56.Kd6 1-0

[Event "29th Rilton Cup"]
[Site "Stockholm SWE"]
[Date "2000.01.05"]
[Round "9.23"]
[White "Johansson, Sune"]
[Black "Handke, Florian"]
[Result "1-0"]
[WhiteElo "2198"]
[BlackElo "2361"]
[EventDate "1999.12.27"]
[PlyCount "67"]

1.f4 d5 2.Nf3 Bg4 3.Ne5 Bf5 4.g3 Be4 5.Rg1 e6 6.d3 Bf5 7.Bg2 Bc5 8.d4 Bd6 
9.Nc3 Nf6 10.h3 c5 11.g4 cxd4 12.Qxd4 Bxc2 13.g5 Bxe5 14.Qxe5 Nc6 15.Qe3 
Ne4 16.Bxe4 dxe4 17.b3 Nd4 18.Ba3 Bd3 19.Rc1 Nf5 20.Qc5 Rc8 21.Qxa7 Ba6 
22.Nxe4 Rxc1+ 23.Bxc1 O-O 24.Qc5 b6 25.Qe5 Qd7 26.Bb2 Rc8 27.Qxg7+ Nxg7 
28.Nf6+ Kh8 29.Nxd7 Rc2 30.Be5 Rxe2+ 31.Kd1 Rxa2 32.Rg3 Kg8 33.Nf6+ Kf8 
34.Bd6# 1-0

[Event "29th Rilton Cup"]
[Site "Stockholm SWE"]
[Date "2000.01.05"]
[Round "9.24"]
[White "Sjoeberg, Mats"]
[Black "Olsson, Anders"]
[Result "1/2-1/2"]
[WhiteElo "2348"]
[BlackElo "2206"]
[EventDate "1999.12.27"]
[PlyCount "103"]

1.d4 Nf6 2.c4 g6 3.Nc3 Bg7 4.e4 d6 5.Be2 O-O 6.Bg5 Na6 7.Qd2 e5 8.d5 Qe8 
9.Bd1 c6 10.Nge2 cxd5 11.Ba4 Bd7 12.Bxf6 Bxf6 13.Nxd5 Bd8 14.Bxd7 Qxd7 15.
b4 Rc8 16.Rc1 Qg4 17.Ng3 Bg5 18.Qc3 Nc7 19.Rd1 Nxd5 20.Rxd5 Rc6 21.b5 Rc7 
22.Rxd6 Rfc8 23.O-O Rxc4 24.Qd3 Be7 25.Rd7 Qe6 26.Rd1 Bc5 27.Nf1 Bd4 28.
Rxb7 Rc3 29.Qd2 Rc2 30.Qg5 Rxf2 31.Kh1 Qf6 32.Qxf6 Rxf6 33.Nd2 Rf2 34.Nf3 
Rcc2 35.a4 Rxg2 36.a5 Rgf2 37.Nxd4 exd4 38.Rxa7 Rxh2+ 39.Kg1 Rcg2+ 40.Kf1 
Rf2+ 41.Kg1 Rhg2+ 42.Kh1 Rh2+ 43.Kg1 Rfg2+ 44.Kf1 Rb2 45.Kg1 Rhg2+ 46.Kh1 
Rg5 47.b6 Rgb5 48.Rxd4 Ra2 49.Rd1 Rh5+ 50.Kg1 Rg5+ 51.Kf1 Rh5 52.Kg1 
1/2-1/2

[Event "29th Rilton Cup"]
[Site "Stockholm SWE"]
[Date "2000.01.05"]
[Round "9.25"]
[White "Dworakowska, Joanna"]
[Black "Lehtinen, Heikki"]
[Result "1-0"]
[WhiteElo "2306"]
[BlackElo "2224"]
[EventDate "1999.12.27"]
[PlyCount "61"]

1.e4 c5 2.Nf3 d6 3.d4 cxd4 4.Nxd4 Nf6 5.Nc3 g6 6.Be3 Bg7 7.f3 Nc6 8.Bc4 
O-O 9.Bb3 Bd7 10.Qd2 Qa5 11.O-O-O Rfc8 12.h4 Ne5 13.Kb1 Nc4 14.Bxc4 Rxc4 
15.Nb3 Qc7 16.h5 Rxc3 17.bxc3 Nxh5 18.g4 Bxc3 19.Qf2 Nf6 20.Bxa7 Bxg4 21.
fxg4 Nxe4 22.Qb6 Qd7 23.Nc5 Qxg4 24.Qxb7 Rxa7 25.Qb8+ Kg7 26.Rxh7+ Kf6 27.
Nxe4+ Qxe4 28.Qh8+ Ke6 29.Qxc3 Kd7 30.Rxf7 Rc7 31.Re1 1-0

[Event "29th Rilton Cup"]
[Site "Stockholm SWE"]
[Date "2000.01.05"]
[Round "9.26"]
[White "Johansson, Viktoria"]
[Black "Welin, Mats"]
[Result "1/2-1/2"]
[WhiteElo "2188"]
[BlackElo "2286"]
[EventDate "1999.12.27"]
[PlyCount "51"]

1.d4 Nf6 2.c4 e6 3.Nc3 Bb4 4.e3 O-O 5.Bd3 d5 6.cxd5 exd5 7.Ne2 Re8 8.O-O 
Bf8 9.f3 c5 10.Kh1 Nc6 11.g4 g6 12.Rg1 a6 13.a4 b6 14.Qf1 Bg7 15.Qf2 Bb7 
16.Bd2 Qd6 17.Rad1 Re7 18.Bc1 Rae8 19.Bb1 cxd4 20.exd4 Nd7 21.Bf4 Rxe2 22.
Qxe2 Rxe2 23.Bxd6 Re6 24.Bg3 Nxd4 25.Kg2 Ne2 26.Rgf1 1/2-1/2

[Event "29th Rilton Cup"]
[Site "Stockholm SWE"]
[Date "2000.01.05"]
[Round "9.28"]
[White "Aengskog, Kent"]
[Black "Handke, Harald"]
[Result "1-0"]
[WhiteElo "2247"]
[BlackElo "2170"]
[EventDate "1999.12.27"]
[PlyCount "81"]

1.Nf3 c5 2.e4 e6 3.c4 Nc6 4.Nc3 Nge7 5.d3 d6 6.g3 g6 7.Bg5 Bg7 8.Bg2 Rb8 
9.h4 h6 10.Be3 Nd4 11.Qd2 Nec6 12.O-O Nxf3+ 13.Bxf3 Nd4 14.Bg2 Bd7 15.Rab1
a5 16.b3 Kf8 17.f4 f5 18.Ne2 Nxe2+ 19.Qxe2 Qc7 20.h5 Be8 21.g4 gxh5 22.
gxf5 exf5 23.Bh3 Bg6 24.Rf2 Rg8 25.Rg2 Bd4 26.Bxd4 cxd4 27.Qf2 Re8 28.Qxd4
Qc5 29.Qxc5 dxc5 30.e5 Rd8 31.Kh2 Kf7 32.Rg3 h4 33.Re3 Ke6 34.Bg2 Rg7 35.
Bd5+ Ke7 36.Rg1 b6 37.Rh3 Kf8 38.Rxh4 h5 39.Rh3 Be8 40.Rxg7 Kxg7 41.Rg3+ 
1-0